000 00820nam a22002537a 4500
005 20240402153622.0
008 240402b |||||||| |||| 00| 0 eng d
020 _a8475302742
037 _3Donación
040 _aCO-JMCR
_cCO-JMCR
_dCO-JMCR
_erda
041 _aspa
082 _aA-N
_bBJOm
100 _eautor
_aBjörnson, Björnstjerne
_943615
245 _aUn muchacho de buen temple /
_cBjörnstjerne Björnson
260 _aBogotá
_bEdiociones Orbis, S.A.
300 _a142 páginas
_c20 cm
586 _aPremio Nobel de Literatura 1903
650 _2JMCR
_aNovela noruega
_913912
650 _2JMCR
_aLiteratura noruega
_913915
650 _2JMCR
_aVida cotidiana en la literatura
650 _2JMCR
_aAdolescencia en la literatura
_943616
700 _aLleonart José
_etraductor
_943617
942 _2ddc
_cBK
999 _c30724
_d17108